Commercial Spaces

Bibliographic Details
Main Author: Broto, Carles
Format: Section = Libro
Language:Undetermined
Spanish
Published: Barcelona MONSA [s.f.]
Subjects:
LEADER 00542nam a2200217Ia 4500
008 240829s9999 xx 000 0 und d
020 |a 84-86426-61-8 
040 |a BIBLIOTECA-RUSB/ Ref 725.21 B874 
041 |a spa 
082 |a Ref 725.21 B874 
100 1 |a Broto, Carles 
245 1 0 |a Commercial Spaces 
260 |a Barcelona  |b MONSA  |c [s.f.] 
300 |a 239 p. :il. 
650 7 |a EDIFICIOS DE COMERCIOS 
650 7 |b  CENTROS COMERCIALES 
650 7 |c  GALERIAS 
650 7 |d  RESTAURANTES 
942 |c BK  |2 ddc 
991 |a TEXTO 
999 |c 6518